Текст томруулах:    
Marketing made simple (Бичлэгийн дугаар. 145939)
000 -УДИРДЛАГА
Удирдлага 00751nam a22002897a 4500
003 - ХЯНАЛТЫН ТОО ТОДОРХОЙЛОГЧ
Код MN-UlNUM
005 - БИЧИЛТ ХИЙСЭН ОГНОО
Тухайн бичилтийг бичсэн засварласан сүүлийн огноо 20251215134430.0
008 - ЕРӨНХИЙ МЭДЭЭЛЭЛ
Ерөнхий мэдээлэл 251215s1991 enkd 001 0 eng d
020 ## - ISBN
ISBN 0750601388
040 ## - БИЧЛЭГ ҮҮСГЭГЧ БАЙГУУЛЛАГА
Бичлэг үүсгэгч номын сангийн код МУИС-ийн номын сан
084 ## - ББК АНГИЛАЛ
Нэмэлт тусгалт Гарын авлага
ББК ангилал 65.290-2
Зохиогчийн гурван тэмдэгт E 49
Мэдлэгийн ялгаа 65 - Эдийн засаг
100 ## - ЗОХИОГЧ
Зохиогчийн нэр Elvy, B Howard
245 ## - ҮНДСЭН ГАРЧИГ
Номын нэр Marketing made simple
250 ## - ДАХИН ХЭВЛЭЛТ
Дахин гаралтын дугаар 3rd edition
260 ## - ГАРАЛТЫН МЭДЭЭ
Хэвлэгдсэн газар Jordan Hill, Oxford
Хэвлэлийн газар Athenaeum press, Ltd
Хэвлэгдсэн он 1991
300 ## - МАТЕРИАЛЫН ТОДОРХОЙЛОЛТ
хуудасны тоо 235 p.
500 ## - Тайлбар
Дансны дугаар БС 4357
546 ## - ХЭЛНИЙ ТУХАЙ МЭДЭЭ
Хэл Англи хэл дээр,
653 ## - Түлхүүр үг
Түлхүүр үг marketing
653 ## - Түлхүүр үг
Түлхүүр үг services
740 ## - НОМЫН ГАРЧИГ
Гарчиг What is marketing?
740 ## - НОМЫН ГАРЧИГ
Гарчиг Marketing and the product
740 ## - НОМЫН ГАРЧИГ
Гарчиг Marketing and the consumer
740 ## - НОМЫН ГАРЧИГ
Гарчиг Marketing and distribution
942 ## - ЭЛЕМЕНТИЙН ТӨРӨЛ
Зүйлийн төрөл Ном